Reconnaissance of surface-water resources in the Kobuk River Basin, Alaska, 1979-80 /

Bibliographic Details
Main Authors: Childers, Joseph M., 1926- (Author), Kernodle, Donald R. (Author)
Corporate Author: Alaska. Division of Geological and Geophysical Surveys
Format: Government Document eBook
Language:English
Published: Anchorage, Alaska : U.S. Geological Survey, 1983.
Series:Water-resources investigations report ; 83-4027.
Subjects:
Online Access:https://purl.fdlp.gov/GPO/gpo132961

MARC

Tag First Indicator Second Indicator Subfields
LEADER 00000cam a2200000 i 4500
001 in00004093413
005 20211120104429.0
006 m o d f
007 cr bn|||||||||
008 170503s1983 akuab ob f000 0 eng c
035 |a (OCoLC)ocn985371029 
042 |a pcc 
043 |a n-us-ak 
040 |a COP  |b eng  |e rda  |e pn  |c COP  |d OCLCO  |d OCLCF  |d OCLCA  |d GPO  |d MvI 
049 |a WWW 
074 |a 0624-B-05 (online) 
086 0 |a I 19.42/4:83-4027 
100 1 |a Childers, Joseph M.,  |d 1926-  |e author. 
245 1 0 |a Reconnaissance of surface-water resources in the Kobuk River Basin, Alaska, 1979-80 /  |c by Joseph M. Childers and Donald R. Kernodle. 
264 1 |a Anchorage, Alaska :  |b U.S. Geological Survey,  |c 1983. 
300 |a 1 online resource (iv, 35 pages) :  |b illustrations, maps. 
336 |a text  |b txt  |2 rdacontent 
337 |a computer  |b c  |2 rdamedia 
338 |a online resource  |b cr  |2 rdacarrier 
490 1 |a Water-resources investigations report ;  |v 83-4027 
500 |a "Prepared in cooperation with Alaska Department of Natural Resources, Division of Geological and Geophysical Surveys." 
504 |a Includes bibliographical references (page 35). 
588 |a Description based on online resource; title from PDF title page (USGS, viewed Feb. 2, 2016). 
650 0 |a Water resources development  |z Alaska. 
650 0 |a Water-supply  |z Alaska  |z Kobuk River Valley. 
650 7 |a Water resources development.  |2 fast  |0 (OCoLC)fst01171955 
651 7 |a Alaska.  |2 fast  |0 (OCoLC)fst01204480 
651 7 |a Alaska  |z Kobuk River Valley.  |2 fast  |0 (OCoLC)fst01274500 
700 1 |a Kernodle, Donald R.,  |e author. 
710 2 |a Geological Survey (U.S.),  |e issuing body. 
710 1 |a Alaska.  |b Division of Geological and Geophysical Surveys. 
776 0 8 |i Print version:  |a Childers, Joseph M., 1926-.  |t Reconnaissance of surface-water resources in the Kobuk River Basin, Alaska, 1979-80  |w (OCoLC)9624746 
830 0 |a Water-resources investigations report ;  |v 83-4027. 
856 4 0 |u https://purl.fdlp.gov/GPO/gpo132961  |t 0 
999 f f |s f5a8d5d6-14e2-35a7-b4a6-726c2f7742fa  |i d2dff5ca-0086-3f4d-b893-e56d26fe14ea  |t 0 
952 f f |a Texas A&M University  |b College Station  |c Electronic Resources  |d Available Online  |t 0  |e I 19.42/4:83-4027  |h Superintendent of Documents classification 
998 f f |a I 19.42/4:83-4027  |t 0  |l Available Online